LEADER 03644nam 2200613 a 450 001 996201269703316 005 20230213211646.0 010 $a1-280-58911-6 010 $a9786613618948 010 $a0-470-71904-4 010 $a0-470-71651-7 035 $a(CKB)1000000000687615 035 $a(EBL)703750 035 $a(SSID)ssj0000715205 035 $a(PQKBManifestationID)11413550 035 $a(PQKBTitleCode)TC0000715205 035 $a(PQKBWorkID)10700746 035 $a(PQKB)10034168 035 $a(MiAaPQ)EBC703750 035 $a(OCoLC)264615366 035 $a(EXLCZ)991000000000687615 100 $a20770831d1957 uy 0 101 0 $aeng 135 $aur|n|---||||| 181 $ctxt 182 $cc 183 $acr 200 10$aHormones in blood$b[electronic resource] /$feditors for the Ciba Foundation, G.E.W. Wolstenholme and Elaine C.P. Millar 210 $aBoston $cLittle, Brown and Co.$d[1957] 215 $a1 online resource (430 p.) 225 1 $aCiba Foundation colloquia on endocrinology ;$vv. 11 300 $aDescription based upon print version of record. 311 $a0-470-72247-9 320 $aIncludes bibliographical references and indexes. 327 $aCIBA FOUNDATION COLLOQUIA ON ENDOCRINOLOGY VOLUME II; CONTENTS; Chairman's opening remarks; The state and concentration of the neurohypophysial hormones in the blood; Discussion; Some general principles in the bioassay of anterior pituitary and placental hormones in blood with special reference to clinical problems; Discussion; Inhibition of thyrotrophic activity with acetylated thyrotrophic hormone preparations; Discussion; The concentration of thyrotrophic hormone in the blood of the rabbit under different experimental conditions; Discussion; General Discussion 327 $aThyroid hormones in the blood Disussion; Iodine in blood; Discussion; Insulin in Blood; Discussion; Factors influencing the level of ACTH in the blood; Experiments on the level of blood corticotrophin with particular reference to scurvy; Discussion; Corticosteroid-releasing activity in blood; Discussion; Morphological changes in the adrenal cortex in relation to concentration of steroids in adrenal vein blood; Discussion; General Discussion; Extra-adrenal factors affecting the levels of 17-hydroxy-corticosteroids in plasma; Discussion 327 $aCirculating steroid hormone levels in relation to steroid hormone production Discussion; Studies on the steroids of human peripheral blood; Discussion; The physicochemical state of cortisol in blood; Discussion; Steroid interaction in the in vitro biosynthesis of steroid protein complexes; Discussion; The use of [16-3H] aldosterone in studies on human peripheral blood; Discussion; Short Communication; The determination of plasma oestrogen levels in late pregnancy; General Discussion; Metabolism and placental transmission of cortisol during pregnancy, near term; Discussion 327 $aProgesterone and related steroids in the blood of domestic animals Discussion; Catechol hormones in blood; Discussion; General Discussion 410 0$aCiba Foundation colloquia on endocrinology ;$vv. 11. 606 $aHormones$vCongresses 606 $aBlood$xAnalysis$vCongresses 615 0$aHormones 615 0$aBlood$xAnalysis 676 $a612.405 676 $a612/.405 701 $aMillar$b Elaine C. P$0857126 701 $aWolstenholme$b G. E. W$g(Gordon Ethelbert Ward)$063039 801 0$bMiAaPQ 801 1$bMiAaPQ 801 2$bMiAaPQ 906 $aBOOK 912 $a996201269703316 996 $aHormones in blood$93004927 997 $aUNISA LEADER 01751nam 22004693 450 001 9911028739203321 005 20250930085251.0 010 $a981-9684-52-8 035 $a(MiAaPQ)EBC32320788 035 $a(Au-PeEL)EBL32320788 035 $a(CKB)41018931300041 035 $a(OCoLC)1543212529 035 $a(EXLCZ)9941018931300041 100 $a20250930d2025 uy 0 101 0 $aeng 135 $aurcnu|||||||| 181 $ctxt$2rdacontent 182 $cc$2rdamedia 183 $acr$2rdacarrier 200 10$aBlue-Green Land Management and Smart Ecosystem Services $eIntegrated Strategies for Planning and Development 205 $a1st ed. 210 1$aSingapore :$cSpringer,$d2025. 210 4$dİ2025. 215 $a1 online resource (432 pages) 225 1 $aAdvances in Geographical and Environmental Sciences Series 311 08$a981-9684-51-X 330 $aThis book focuses on various scientific methodologies and policy innovations that promote the application of blue-green land management to the sustainable development of resources. 410 0$aAdvances in Geographical and Environmental Sciences Series 606 $aPOLITICAL SCIENCE / Public Policy / City Planning & Urban Development$2bisacsh 606 $aSOCIAL SCIENCE / Human Geography$2bisacsh 615 7$aPOLITICAL SCIENCE / Public Policy / City Planning & Urban Development 615 7$aSOCIAL SCIENCE / Human Geography 676 $a333.7313 700 $aRai$b Praveen Kumar$0929099 701 $aRai$b Shalini$01780646 801 0$bMiAaPQ 801 1$bMiAaPQ 801 2$bMiAaPQ 906 $aBOOK 912 $a9911028739203321 996 $aBlue-Green Land Management and Smart Ecosystem Services$94438826 997 $aUNINA